UM Logo

Memories of Philippine kitchens: (Record no. 2169)

MARC details
000 -LEADER
fixed length control field 00840nam a2200217 4500
008 - FIXED-LENGTH DATA ELEMENTS--GENERAL INFORMATION
fixed length control field 160430b xxu||||| |||| 00| 0 eng d
020 ## - INTERNATIONAL STANDARD BOOK NUMBER
International Standard Book Number 9781584794516
082 ## - DEWEY DECIMAL CLASSIFICATION NUMBER
Edition number 2006
Classification number DFil 641.509599
Item number B46m
100 ## - MAIN ENTRY--PERSONAL NAME
9 (RLIN) 7064
Personal name Besa, Amy
245 ## - TITLE STATEMENT
Title Memories of Philippine kitchens:
Remainder of title stories and recipes from far and near/
Statement of responsibility, etc. Amy Besa and Romy Dorotan; photographs by Neal Oshima.
260 ## - PUBLICATION, DISTRIBUTION, ETC. (IMPRINT)
Place of publication, distribution, etc. New York:
Name of publisher, distributor, etc. Stewart, Tabori & Chang,
Date of publication, distribution, etc. c2006.
300 ## - PHYSICAL DESCRIPTION
Extent 232 pages:
Other physical details color illustrations;
Dimensions 24 cm.
500 ## - GENERAL NOTE
General note Includes bibliographical references and index.
650 #0 - SUBJECT ADDED ENTRY--TOPICAL TERM
9 (RLIN) 7069
Topical term or geographic name as entry element Cookery, Philippine
650 #0 - SUBJECT ADDED ENTRY--TOPICAL TERM
9 (RLIN) 7070
Topical term or geographic name as entry element
Geographic subdivision Philippines
General subdivision Social life and customs
650 #0 - SUBJECT ADDED ENTRY--TOPICAL TERM
9 (RLIN) 7077
Geographic subdivision Philippine cooking
700 ## - ADDED ENTRY--PERSONAL NAME
9 (RLIN) 7071
Personal name Dorotan, Romy
Relator term author
700 ## - ADDED ENTRY--PERSONAL NAME
9 (RLIN) 7072
Personal name Oshima, Neal
Relator term photographer
365 ## - TRADE PRICE
Price amount 3, 392.00
Currency code Php
942 ## - ADDED ENTRY ELEMENTS (KOHA)
Source of classification or shelving scheme Dewey Decimal Classification
Koha item type Filipiniana
Holdings
Withdrawn status Lost status Source of classification or shelving scheme Damaged status Not for loan Collection code Home library Current library Date acquired Source of acquisition Total Checkouts Full call number Barcode Date last seen Copy number Price effective from Koha item type
    Dewey Decimal Classification     Filipiniana UM Digos College - LIC UM Digos College - LIC 01/12/2009 Purchased   DFil 641.509599 B46m 2006 19962 05/15/2025 1 04/30/2016 Filipiniana